Zodiaque Chinois Quiz - Statistiques

Statistiques générales
  • Ce quiz a été pris 81 fois
  • Le résultat moyen est 9 sur 12
Statistiques - réponses
Animal % Correct
Dragon
88%
Rat
88%
Cochon
83%
Chien
80%
Bœuf
75%
Coq
75%
Serpent
70%
Singe
70%
Tigre
70%
Cheval
66%
Lapin
66%
Chèvre
63%
Aucun quiz correspondant
Distribution des résultats
% des personnes avec chaque résultat
Percentile par nombre de réponses
Votre historique - résultats
Vous n’avez pas pris ce quiz